=LDR 00000nam 2200000 4500 =001 INLIS000000000039190 =005 20141007121813.0 =006 =007 =008 Ind =035 ##$$0010-061300000039190 =041 ##$$a Ind =082 ##$$a 639.31 =090 ##$$a 639.31, Suy n =100 ##$$a Suyanto, Dra.S.Rachmatun =245 ##$$a Nila, Dra.S.Rachmatun Suyanto =260 ##$$a 2009 $b Jakarta =300 ##$$a 100 Hlm, 22m =850 ##$$a NBPNMAT =990 ##$$a 21400613/BPAP-NTB/20142014 =990 ##$$a 0001/BPAP-NTB/20142014 =990 ##$$a 0001/BPAP-NTB/20142015